dexter character quiz - Statistics

General Stats
  • This quiz has been taken 98 times
  • The average score is 9 of 21
Answer Stats
Hint Answer % Correct
to night is the night Dexter Morgan
80%
La passion Angel Batista
76%
Freaky Asian hehehehe Vince Masuka
76%
Ice truck killer Brian Moser
74%
Trinity killer Arthur Mitchell
70%
''Bay harbor butcher'' James Doakes
68%
Workaholic Loudmouth Debra Morgan
61%
Nanny harrison Jamie Batista
50%
Ghost Father Harry Morgan
49%
Poisonous woman Hannah McKay
45%
Son of Trinity killer Jonah Mitchell
42%
He's my soulmate (british accent) Lila West
42%
Spanish/Cuban partner in crime Miguel Prado
38%
Oh hail the lord Travis Marshall
38%
Big boy step son Master Cody
31%
Smartest cop in Ironlake Angela Bishop
23%
Midget Leon Prater
22%
Oversensitve wife Rita Benett
20%
Sniper killer Kurt Caldwell
19%
Mommy issues Oliver Saxon
18%
Sex offender murderer Lumen Pierce
5%
No matching quizzes found
Score Distribution
Percent of People with Each Score
Percentile by Number Answered
Your Score History
You have not taken this quiz